Normal view
MARC view
- Syed Asad Ullah
Entry Personal Name
001 - CONTROL NUMBER
- control field: 7532
003 - CONTROL NUMBER IDENTIFIER
- control field: NUST
005 - DATE AND TIME OF LATEST TRANSACTION
- control field: 20171222153155.0
008 - FIXED-LENGTH DATA ELEMENTS
- fixed length control field: 171222|| aca||aabn | a|a d
040 ## - CATALOGING SOURCE
- Original cataloging agency: NUST
- Transcribing agency: NUST
100 ## - HEADING--PERSONAL NAME
- Personal name: Syed Asad Ullah
670 ## - SOURCE DATA FOUND
- Source citation: Work cat.: (NUST): Syed Asad Ullah, Estimation of unknown modulation index for continuous phase modulated (CPM) Signal, 2017
